| 000 | 00825nam a2200205 a 4500 | ||
|---|---|---|---|
| 003 | 0 | ||
| 005 | 20250424101455.0 | ||
| 008 | 050808s19uu xx 00 eng d | ||
| 050 |
_aPHS LB 3013 _b.G69 2005 |
||
| 100 | _aGozon, Christine C. | ||
| 245 |
_aA Study on the preferred discipline strategy of grade 10 Southville International School and Colleges Students and its effectiveness / _cChristine C. Gozon. |
||
| 260 |
_aLas PiƱas City, Philippines : _bSouthville International School and Colleges, _c2005. |
||
| 300 |
_a49 pages ; _c28 cm. |
||
| 504 | _aIncludes bibliographical references. | ||
| 650 |
_2Library of Congress Subject Headings _aStudent discipline _zPhilippines. |
||
| 650 |
_aClassroom management _zPhilippines. |
||
| 650 |
_aBehavior modification _zPhilippines. |
||
| 942 |
_2lcc _cPASS |
||
| 999 |
_c97231 _d97231 |
||